000 00676nam a2200217Ia 4500
001 6537
003 GE_BSU
008 181216s||||||||xx |||||||||||||| ||und||
040 _cGE_BSU
080 _a821.353.1-1
100 _aბედია,უშანგი.
245 _aხვალ:ლექსები.
245 _cრედ:ხუტა,ბერულავა;მხარვ:.ვახტანგ,ჟორჟოლიანი.
260 _aთბილისი.
260 _bმერანი.
260 _c1970.
300 _a45გვ;16სმ.
653 _aლექსები.
653 _aხვალ:ლექსები.
942 _cBK
999 _c39931
_d39931